|
|
|
|
| LEADER |
00000nam0a2200000 4500 |
| 001 |
153799 |
| 005 |
20231031151530.0 |
| 035 |
|
|
|a (RuTPU)RU\TPU\book\166843
|
| 090 |
|
|
|a 153799
|
| 100 |
|
|
|a 20090217h1986 m y0rusy50 ca
|
| 101 |
0 |
|
|a rus
|
| 102 |
|
|
|a UA
|
| 105 |
|
|
|a a z 001zy
|
| 200 |
1 |
|
|a Поверхностные явления в расплавах
|e сборник статей
|f Академия наук Украинской ССР (АН УССР), Институт проблем материаловедения им И. Н. Францевича (ИПМ) ; под ред. В. Н. Еременко
|
| 210 |
|
|
|a Киев
|c Наукова думка
|d 1968
|
| 215 |
|
|
|a 488 с.
|c ил.
|
| 320 |
|
|
|a Библиогр. в конце ст.
|
| 610 |
1 |
|
|a расплавы
|
| 610 |
1 |
|
|a поверхностные явления
|
| 610 |
1 |
|
|a сборники
|
| 610 |
1 |
|
|a металлические расплавы
|
| 610 |
1 |
|
|a электрические свойства
|
| 610 |
1 |
|
|a электрохимические свойства
|
| 610 |
1 |
|
|a дисперсные системы
|
| 610 |
1 |
|
|a фазовые переходы
|
| 610 |
1 |
|
|a плавленолитные огнеупоры
|
| 610 |
1 |
|
|a солевые расплавы
|
| 675 |
|
|
|a 621.7м01:5
|v 3
|
| 702 |
|
1 |
|a Еременко
|b В. Н.
|g Валентин Никифорович
|4 340
|
| 712 |
0 |
2 |
|a Академия наук Украинской ССР (АН УССР)
|b Институт проблем материаловедения им И. Н. Францевича (ИПМ)
|c (Киев)
|2 stltpush
|3 (RuTPU)RU\TPU\col\1143
|
| 801 |
|
1 |
|a RU
|b 63413507
|c 20090217
|g PSBO
|
| 801 |
|
2 |
|a RU
|b 63413507
|c 20090805
|g PSBO
|
| 942 |
|
|
|c BK
|